000 01310cam a22003978a 4500
001 13613683
003 OSt
005 20140310182657.0
008 040604s2004 ilu 000 0 eng
010 _a 2004054441
020 _a0340866594
040 _aDLC
_cDLC
_dDLC
041 0 _aeng
_afre
042 _apcc
050 0 0 _aPC 2112.5
_b.C676 2004
082 0 0 _aM 448.2
_bG76 2003
100 1 _aGraham, Gaëlle.
245 1 0 _aTeach yourself French
_cGraham, Gaëlle
260 _aChicago
_bMcGraw-Hill
_c2004
263 _a0406
300 _a355 p.
490 1 _aTeach yourself
521 _ahigh school to college student
526 _c0L to 1700L
541 _j1
546 _aEnglish and French.
562 _e1
650 0 _aFrench language
_vSelf-instruction.
650 0 _aFrench language
_vTextbooks for foreign speakers
_xEnglish.
830 0 _aTeach yourself books (Lincolnwood, Ill.)
856 4 2 _3Publisher description
_uhttp://www.loc.gov/catdir/description/mh051/2004054441.html
856 4 2 _3Contributor biographical information
_uhttp://www.loc.gov/catdir/enhancements/fy0704/2004054441-b.html
906 _a7
_brix
_corignew
_d1
_eocip
_f20
_gy-gencatlg
942 _2lcc
_cBK
_kM
999 _c15138
_d15138